Fisheries forestry; ព្រៃលិចទឹក (Record no. 10077)

000 -LEADER
fixed length control field 00283nam a22001217a 4500
040 ## - CATALOGING SOURCE
Transcribing agency SK
082 ## - DEWEY DECIMAL CLASSIFICATION NUMBER
Classification number 630
100 ## - MAIN ENTRY--AUTHOR NAME
Personal name ហួត វុត្ថា
245 ## - TITLE STATEMENT
Title Fisheries forestry; ព្រៃលិចទឹក
260 ## - PUBLICATION, DISTRIBUTION, ETC. (IMPRINT)
Place of publication RUA
Name of publisher ហួត
Year of publication 2008
300 ## - PHYSICAL DESCRIPTION
Number of Pages 55p.
942 ## - ADDED ENTRY ELEMENTS (KOHA)
Koha item type សៀវភៅភាសាខ្មែរ
952 ## - LOCATION AND ITEM INFORMATION (KOHA)
Withdrawn status [LOCAL, KOHA] 0
952 ## - LOCATION AND ITEM INFORMATION (KOHA)
Withdrawn status [LOCAL, KOHA] 0
Holdings
Permanent Location Date acquired Koha item type Lost status Shelving location Barcode Current Location Full call number
Library Block C2016-09-20សៀវភៅភាសាខ្មែរ C018A00822Library Block C630 ហួត 2008 C018 Or.
Library Block C2016-09-20សៀវភៅភាសាខ្មែរ C018A01170Library Block C630 ហួត 2008 C018 Or.
មជ្ឈមណ្ឌលឯការនៃសាកលវិទ្យាល័យភូមិន្ទកសិកម្មចំការដូង

Powered by Koha